| 000 | 00656nam a2200229Ia 4500 | ||
|---|---|---|---|
| 005 | 20220802115504.0 | ||
| 008 | 140110s9999 xx 000 0 und d | ||
| 020 |
_a9780140437249 _cRs 599.00 |
||
| 040 | _aLoreto College | ||
| 041 | _aEnglish | ||
| 082 |
_a821.7 _bCAL |
||
| 100 | _aClare,John | ||
| 245 |
_aJohn Clare _bSelected poems _cJohn Clare.Edited with introduction and notes by Geoffrey Summerfield |
||
| 260 |
_aLondon _bPenguin Books _c2000 |
||
| 300 | _a400p | ||
| 504 | _aIncludes index | ||
| 650 | _aPoetry in English | ||
| 651 | _aLiterature in English | ||
| 700 |
_aSummerfield,Geoffrey _4ed. |
||
| 850 |
_aLCLIB _bPG |
||
| 942 | _cBK | ||
| 999 |
_c36664 _d87143 |
||